Anime Villainous Quiz Arc - Statistics

General Stats
  • This quiz has been taken 97 times
  • The average score is 14 of 50
Answer Stats
Hint Answer % Correct
Light's Anime Death Note
93%
Orochimaru's Anime Naruto/Naruto Shippuden
89%
All For One's Anime My Hero Academia
88%
Crocodile's Anime One Piece
86%
Cell's Anime Dragonball Z
77%
Father's Anime Fullmetal Alchemist: Brotherhood
66%
Laxus's Anime Fairy Tail
51%
Gendo's Anime Neon Genesis Evangelion
41%
Marik's Anime Yu-Gi-Oh!
40%
Tetsuo's Anime Akira
35%
How many different cards can reveal name tokens? Five
30%
First Box Name The Battle Begins
28%
What Hero is a tile starting in a villain's Territory? All Might
25%
What Hero gets +5 Strength if their villain is in Showdown? Gohan
25%
What is the only location in the game with a lock token? Catacombs
24%
Which villain can draw the most cards in one turn? Laxus
24%
Which villain has no Forms in their villain deck? Marik
24%
How many Heroes can Father defeat in a single turn? Ten
23%
What Hero must always be either in the Fate Deck or in their villain's Territory? Luffy
22%
What unique action does Light have in his Territory? Move a Hero
22%
What is the most power Cell can gain from a single play of Disappearances? Twelve
22%
Without strength tokens, which villain can have the lowest strength value and highest strength value in the game? Father
20%
What Ally in Orochimaru's deck allows you to vanquish a Hero if both you and the Ally are at that Hero's location? Manda
20%
What is the only Item in the game with four copies? Organ Jar
20%
What two Forms have the highest base strength of 5? Divinity & Out of Control
19%
All For One's Territory is the only Territory that has a bottom row action of what? Gain 2 Power
19%
Who is the only Hero that cannot become an Ally in Marik's Fate deck? Yugi
19%
Which Challenge is objectively helpful if the villain is in Showdown? Akira
18%
Crocodile can discard Symbol of Friendship using which single Ally? Ms. All Sunday
18%
What Hero is two characters in one card? Lucy & Loke
17%
What Scheme triggers when you move to a location with two or more cards? Purpose of Nerv
17%
Aside from All Might, what Hero has the highest base strength? Sasuke
17%
What are the two card types unique to only one villain each? Shinigami & Angels
17%
What two villains have back quotes spoken by a character other than themselves? Father & Light
16%
What Hero specifies 'If their villain is at a location'? Tien
16%
What card gives the most +1 Strength Tokens to a single character in one play? Hypertrophy
14%
What Fate card can be put directly into a villain's hand? Motorcycle
14%
What three tiles have their own unique colors? Obelisk, Slifer, & Ra
14%
What location has only one top row action, and three bottom row actions? Tokyo-3
14%
What two Heroes have 0 Strength? Uraraka & Mr. Satan
14%
Aside from Marik and Tetsuo, what other two villains can take four play a card actions in one turn? Gendo & Light
13%
What Scheme can you trigger during your own turn using Mello from Light's fate deck? Reincarnation
13%
What is the most power Father can spend playing cards in a single turn? Twenty-four
13%
What two cards prevent more than one Fate card from being revealed from a villain's fate deck? Sand Body & Sector Lockdown
12%
What card can place up to seven -1 tokens on one Hero? Summon Rashomon
11%
What are the only two locations with both a Fate action and two play a card actions? Arena & Task Force H.Q.
10%
What is the only location in the game with no play a card actions? Otogakure
10%
What are the names of Orochimaru's three hand seals? Horse, Dog, & Snake
8%
What are the two most expensive Items in the game? Thunder Palace & Millennium Rod
8%
Excluding Challenges, what card has the longest name? Lightning Dragon Roar
6%
No matching quizzes found
Score Distribution
Percent of People with Each Score
Percentile by Number Answered
Your Score History
You have not taken this quiz